01695nam a2200385 i 4500001001000000003000900010005001700019007000300036008004100039020001800080040003000098041000800128082002200136100004300158245005800201264003400259300002800293336002700321337003300348338002800381490003000409500005800439590002600497650007100523650006100594650003600655710005100691830003700742910000700779942001400786952011600800952012200916952025401038999001701292000015010DO-SdBNP20250211103812.0ta100129s2007 dr 001 0 spa d a9789993462910 aDO-SdBNPbspacBNPHUerda hspa a860.44bC433p2221 aChahín, Plinio,d1959-eautor92488110aPasión en el oficio de escribir /cPlinio Chahín. aSanto Domingo :bUASD,c2007. a177 páginas ;c23 cm. ardacontentbtexto2txt ardamediabsin mediación2n ardacarrierbvolumen2nc1 aLiteratura y sociedadv77 aIncluye datos biográficos del autor en las solapas. aInventariado, 2025/DG 4aLiteratura hispanoamericanaySIGLO XXxHistoria y crítica923302 4aLiteratura dominicanaxCrítica e interpretación9216 4aEnsayos hispanoamericano9339771 aUniversidad Autónoma de Santo Domingo972951 0aLiteratura y sociedadn77933978 aDG 2ddccLBS1 0010718PDaPDbPDcHDd2010-01-29iLF1l0o860.44 C433pp15010-10r2020-06-25w2020-06-25yLFPDZNo se presta 0010718PDaPDbPDcHDd2015-04-28iLF1l0o860.44 C433pp15010-20r2020-06-25te. 2w2020-06-25yLFPDZNo se presta 00102ddc56708DSaBNPHUbBNPHUcCTd2025-02-11eDonado por la Presidencia de la República Dominicana 2023l0oBNPHU DS 860.44 C433pp2025-0928r2025-02-11te.3w2025-02-11yLBS1zPertenecio a la biblioteca personal de René Rodríguez Soriano c14583d14583